000 01170cam a2200301 a 4500
999 _c7353
_d7353
001 3432840
003 OSt
005 20211008111551.0
008 910611s1992 enkab b 001 0 eng
010 _a 91024016
020 _a0521415020 (hardback)
020 _a0521425247 (pbk.)
040 _aDLC
_cDDC
_dDLC
050 0 0 _aQK754.5
_b.J66 1992
082 0 0 _a581.5JON 1992
100 1 _aJones, Hamlyn G.;
_915069
245 1 0 _aPlants and microclimate :
_bA quantitative approach to environmental plant physiology.
_cEdited by Jones,Hamlyn G.;
250 _a2nd ed.
260 _aNew York.
_bCambridge University Press,
_c1992.
300 _axxiv,428p;
_bill.
_c24cm.
504 _aIncludes; bibliographical references (p. [377]-411) and index.
650 0 _aBiology
_95602
856 4 2 _3Publisher description
_uhttp://www.loc.gov/catdir/description/cam024/91024016.html
856 4 1 _3Table of contents
_uhttp://www.loc.gov/catdir/toc/cam025/91024016.html
906 _a7
_bcbc
_corignew
_d1
_eocip
_f19
_gy-gencatlg
942 _2ddc
_cO_SHELF